000 00258nam a2200097Ia 4500
008 120527s9999 xx 000 0 und d
100 _aABDULLAHI, A. et al.
245 _aCapacity building for sustainable industrial development
260 _bRMRD
942 _cBK
999 _c25339
_d25339